Obra: Administración y Gerencia/ Jorge Noriega Santos / Jorge Noriega Santos (Registro nro. 11360)

Detalles MARC
000 -LEADER
fixed length control field 00591nam a22001931a 4500
001 - CONTROL NUMBER
control field 11360
003 - CONTROL NUMBER IDENTIFIER
control field OSt
005 - DATE AND TIME OF LATEST TRANSACTION
control field 20260204212240.0
008 - FIXED-LENGTH DATA ELEMENTS--GENERAL INFORMATION
fixed length control field 120823s2008||||ck ||||||b||||||||||spa||
020 ## - NUMERO DE LIBRO INTERNACIONAL NORMALIZADO
International Standard Book Number 9589247156
050 ## - LIBRARY OF CONGRESS CALL NUMBER
Classification number 690.658 N774o
100 ## - ASIENTO PRINCIPAL -- NOMBRE PERSONAL
Personal name Noriega Santos, Jorge
245 ## - TÍTULO PROPIAMENTE DICHO: SUBTÍTULO
Title Obra: Administración y Gerencia/ Jorge Noriega Santos / Jorge Noriega Santos
264 ## - PRODUCTION, PUBLICATION, DISTRIBUTION, MANUFACTURE, AND COPYRIGHT NOTICE
Place of production, publication, distribution, manufacture Colombia: Biblioteca de la Construcción
300 ## - PHYSICAL DESCRIPTION
Extensión 331 P
500 ## - GENERAL NOTE
General note Incluye Bibliografía
650 ## - ASIENTO SECUNDARIO DE MATERIA -- TERMINO TEMÁTICO
Termino Temático Como Elemento de Entrada Construcciones - Administración y Gerencia 2. Administración de ObrasÌ
942 ## - ADDED ENTRY ELEMENTS (KOHA)
Source of classification or shelving scheme Dewey Decimal Classification
Koha item type Libros
Existencias
Withdrawn status Lost status Source of classification or shelving scheme Damaged status Not for loan Current library Date acquired Total Checkouts Full call number Barcode Date last seen Price effective from Koha item type
    Dewey Decimal Classification     Biblioteca UTECO 09/09/2019   690.658 N774O 016154 09/09/2019 09/09/2019 Libros
    Dewey Decimal Classification     Biblioteca UTECO 09/09/2019   690.658 N774O 016155 09/09/2019 09/09/2019 Libros
    Dewey Decimal Classification     Biblioteca UTECO 09/09/2019   690.658 N774O 016156 09/09/2019 09/09/2019 Libros
© 2021 Derechos Reservados UTECO - Teléfono: +1 809-585-2291 - Correo electrónico: biblioteca@uteco.edu.do​  
Código postal 43000 ​​
Dirección: Avenida Universitaria No. 100, 
Cotuí, Provincia Sánchez Ramírez, República Dominicana - RNC: 404-00059-6